000 00230nam a2200085Ia 4500
245 0 _aEncyclopedia of garden design
100 _a Young, Chris London, 2009
_995947
942 _cBK
008 210817s9999 xx 000 0 und d
999 _c401126
_d401125